000 00461nam a2200133 4500
999 _c13258
_d13258
008 190221b ||||| |||| 00| 0 eng d
082 _aDPer 050 T48 Apr-June 2016 v. 187, n. 12-24.
100 _937055
_aGray, Eliza.
245 _aEducation:
_bThe new college application/
_cEliza Gary
260 _aHong Kong;
_bTime Asia,
_cc2016.
300 _av187 n12, pages 36-40:
_billustrations;
_c27 cm.
650 _aEducation
_937056
_xCollege students.
942 _2ddc
_cPER